1894 1622 1427 1016 1202 1984 1806 1610 1480 1162 1618 1088 1929 1854 1646 1107 1200 1381 1396 1266 1861 1119 1428 1601 1130 1441 1282 1948 1626 1432 1416 1811 1269 1243 1590 1263 1759 1117 1111 1095 1481 1990 1067 1974 1739 1965 1946 1771 1967 1881 1523 1006 1526 1469 1843 1879 1102 1086 1807 1862 1466 1700 1601 1627 1484 1124 1651 1288 1255 1815 1322 1421 1563 1593 1567 1916 1281 1445 1086 1450 1580 1578 1706 1408 1624 1059 1918 1369 1987 1850 1417 1587 1380 1581 1104 1037 1606 1916 1481 BCNSPRNW ULIB Ver.6.0+V

เปลี่ยนเป็นภาษาไทย

Change to English
 แสดงรายละเอียดบรรณานุกรม
  กลับหน้าหลัก

Brief Record : Get Marc (ISO 2709) : E-mail record : QR code < ปิดหน้าต่าง
LEADER : 01174nam 2200277 a 4500
001    13399108543
003     ULIB
008    030417s2552 caua sb 001 0 tha
020    ^a9786167004020
060    ^aQV767^bจ167ค 2552
100    ^aจริยา เดชกุญชร
245    ^aเครื่องดื่มและน้ำสมุนไพรเพื่อสุขภาพ/^cจริยา เดชกุญชร
250    พิมพ์ครั้งที่ 2
260    กรุงเทพฯ:^bเพชรการเรือน,^c2552
300    82 หน้า^bภาพประกอบสี
650    ^aน้ำสมุนไพร
945    ^p180^l0^i027655
995    ทศพร
999    ^aKey new Using ULIBM easy add form
รายการนี้ยังไม่มีแท็ก
คุณยังไม่ได้ล็อกอิน คุณสามารถมีกิจกรรมร่วมกับเว็บไซต์ได้ แต่ต้องล็อกอินก่อน ::
  ล็อกอิน

รายการสื่อสารสนเทศ

ลำดับที่ ประเภท เลขเรียก/บาร์โค้ด สถานที่ สถานะ
- ไม่พบข้อมูล -

รายการใกล้เคียง
    ผู้แต่ง [จริยา เดชกุญชร]

    หัวเรื่อง [น้ำสมุนไพร]

BibComment


ยังไม่เคยถูกคอมเมนท์

คอมเมนท์ทรัพยากรรายการนี้
  คอมเมนท์: เครื่องดื่มและน้..


 Copyright 2026. Bcnsprnw @Library